| 000 | 01122nam a2200253Ia 4500 | ||
|---|---|---|---|
| 999 |
_c36490 _d36490 |
||
| 001 | 2408 | ||
| 003 | GE_BSU | ||
| 005 | 20200127124003.0 | ||
| 008 | 181216s2006||||ge |||||||||||||| ||geo|| | ||
| 020 | _a9992875617 | ||
| 040 | _cGE_BSU | ||
| 041 | _ageo | ||
| 080 | _a659(075.8) შ–93 | ||
| 100 |
_aშუბითიძე, ვაჟა _96107 |
||
| 245 |
_aსაზოგადოებასთან ურთიერთობა (პიარი) : _bდამხმ. სახელმძღვ. / _cვაჟა შუბითიძე, მიხეილ ბოჭორიძე ; [რედ. ჯიმი ჯალიაშვილი]. |
||
| 264 |
_aთბილისი, _c2006. |
||
| 300 |
_a148 გვ. _b20სმ. |
||
| 504 | _a ბიბლიოგრ.: გვ. 146. | ||
| 653 | _aსაზოგადოებასთან ურთიერთობა | ||
| 653 | _aპიარი | ||
| 700 |
_aბოჭორიძე, მიხეილ _eავტორი _96402 |
||
| 700 |
_a ჯალიაშვილი, ჯიმი _eრედაქტორი _96403 |
||
| 942 |
_cBK _2udc |
||